| 000 | 00430nam a2200169 i 4500 | ||
|---|---|---|---|
| 001 | 107152 | ||
| 003 | ES-MaACL | ||
| 005 | 20230906184346.0 | ||
| 007 | t| | ||
| 008 | 061121s1919 fr r ||||1| fre d | ||
| 100 | 1 |
_aMorice, Charles. _983545 |
|
| 245 | 1 | 0 |
_aPaul Gauguin / _cCharles Morice. |
| 260 |
_aParĂs : _b[s.n], _c1919. |
||
| 300 |
_a235 p. ; _c25 cm. |
||
| 600 | 0 | 4 |
_aGauguin, Paul. _956001 |
| 852 |
_aES-MaACL _jC-1437 |
||
| 999 |
_c107152 _d107152 |
||